[Event "CAN-op"]
[Site "Edmonton CAN"]
[Date "2000.07.11"]
[Round "5"]
[White "Predescu, Sebastian"]
[Black "Gillanders, Robert"]
[Result "1-0"]
[WhiteElo "2076"]
[BlackElo "1871"]
[PlyCount "117"]
[GameId "2160767911686490"]
[EventDate "2000.07.08"]
[EventType "swiss"]
[EventRounds "10"]
[EventCountry "CAN"]

1. d4 Nf6 2. Nf3 g6 3. Bf4 Bg7 4. e3 O-O 5. h3 c5 6. c3 cxd4 7. exd4 d6 8. Be2 Qb6 9. Qb3 Qxb3 10. axb3 Bf5 11. Nbd2 Nd5 12. Bh2 Nc6 13. g4 Bd7 14. O-O h5 15. Ne1 hxg4 16. hxg4 Bh6 17. Nc4 Bf4 18. Nd3 Bxh2+ 19. Kxh2 Kg7 20. Bf3 Be6 21. Na5 Rh8+ 22. Kg3 f5 23. Nf4 Nxf4 24. Kxf4 Raf8 25. Kg3 fxg4 26. Bxg4 Bxg4 27. Kxg4 Nd8 28. Nc4 b5 29. Nd2 Rf5 30. Rxa7 Rh2 31. Nf3 Rhh5 32. Rxe7+ Kf6 33. Rfe1 Rh8 34. Re8 Rxe8 35. Rxe8 Ne6 36. Kg3 Kf7 37. Rb8 Ng7 38. Rb7+ Kf6 39. Rb6 Nh5+ 40. Kg2 Nf4+ 41. Kg1 Nh3+ 42. Kg2 Nf4+ 43. Kf1 Ke7 44. Rb7+ Kf6 45. Nd2 Rh5 46. f3 Rh1+ 47. Kf2 d5 48. Nf1 g5 49. Rb6+ Ke7 50. Rxb5 Kd6 51. Rb6+ Kc7 52. Rf6 Rh7 53. Rf5 Re7 54. Ne3 Nd3+ 55. Ke2 Nf4+ 56. Kd2 Kc6 57. Rxg5 Rh7 58. Ng4 Rh3 59. Rf5 1-0

[Event "CAN-op"]
[Site "Edmonton CAN"]
[Date "2000.07.11"]
[Round "5"]
[White "Rock, Dawn"]
[Black "Venning, Ron"]
[Result "0-1"]
[WhiteElo "1302"]
[BlackElo "1713"]
[PlyCount "24"]
[GameId "2160767911686491"]
[EventDate "2000.07.08"]
[EventType "swiss"]
[EventRounds "10"]
[EventCountry "CAN"]

1. e4 d5 2. exd5 Qxd5 3. Nc3 Qa5 4. d4 Nf6 5. Bd2 c6 6. Nf3 Bg4 7. Bd3 Nbd7 8. Qe2 e6 9. a3 Qc7 10. Ne4 Be7 11. O-O Nd5 12. Qe3 Nxe3 0-1

[Event "CAN-op"]
[Site "Edmonton CAN"]
[Date "2000.07.11"]
[Round "5"]
[White "Ross, Dave"]
[Black "Rowson, Jonathan"]
[Result "0-1"]
[WhiteElo "2368"]
[BlackElo "2494"]
[PlyCount "60"]
[GameId "2160767911686492"]
[EventDate "2000.07.08"]
[EventType "swiss"]
[EventRounds "10"]
[EventCountry "CAN"]
[SourceTitle "EXT 2001"]
[Source "ChessBase"]
[SourceDate "2000.11.22"]
[SourceVersion "1"]
[SourceVersionDate "2000.11.22"]
[SourceQuality "1"]

1. c4 g6 2. Nf3 Nf6 3. e3 Bg7 4. Be2 O-O 5. O-O c5 6. Qc2 Nc6 7. a3 e5 8. d3 b6 9. Bd2 d5 10. cxd5 Nxd5 11. Nc3 Bb7 12. Nxd5 Qxd5 13. b4 cxb4 14. axb4 Rfc8 15. Qa2 Qd7 16. Rac1 a5 17. bxa5 bxa5 18. Rfd1 a4 19. Ng5 Nd8 20. Rxc8 Rxc8 21. e4 h6 22. Nf3 Ne6 23. Be3 Nf4 24. Bxf4 exf4 25. Nd2 Rc3 26. Nb1 Rb3 27. Rd2 f3 28. gxf3 Qb5 29. Na3 Qg5+ 30. Kf1 Bc8 0-1

[Event "CAN-op"]
[Site "Edmonton CAN"]
[Date "2000.07.11"]
[Round "5"]
[White "Sadov, Sergey"]
[Black "Chranowski, Rick"]
[Result "1/2-1/2"]
[WhiteElo "2119"]
[BlackElo "1882"]
[PlyCount "66"]
[GameId "2160767911686493"]
[EventDate "2000.07.08"]
[EventType "swiss"]
[EventRounds "10"]
[EventCountry "CAN"]

1. c4 b6 2. Nf3 Bb7 3. g3 f5 4. d4 e6 5. Bg2 Bb4+ 6. Bd2 Qe7 7. O-O Bxd2 8. Nbxd2 Nf6 9. Ne5 Bxg2 10. Kxg2 O-O 11. e3 d6 12. Qf3 Nbd7 13. Nc6 Qe8 14. Kg1 Qh5 15. Qxh5 Nxh5 16. b4 Rfe8 17. a4 Nb8 18. b5 Nxc6 19. bxc6 Nf6 20. f3 d5 21. Rfe1 Red8 22. cxd5 exd5 23. Rec1 Rd6 24. Ra3 Re8 25. Rac3 Kf7 26. h3 Ree6 27. f4 Ne4 28. Nxe4 Rxe4 29. Kf2 Ree6 30. Kf3 Rh6 31. Kg2 Rhg6 32. Kf3 Rh6 33. Kg2 Rhg6 1/2-1/2

[Event "CAN-op"]
[Site "Edmonton CAN"]
[Date "2000.07.11"]
[Round "5"]
[White "Smith, Maurice"]
[Black "Lacroix, Peter"]
[Result "1/2-1/2"]
[WhiteElo "1836"]
[BlackElo "1423"]
[PlyCount "55"]
[GameId "2160767911686495"]
[EventDate "2000.07.08"]
[EventType "swiss"]
[EventRounds "10"]
[EventCountry "CAN"]

1. d4 Nf6 2. c4 c5 3. d5 b5 4. a4 b4 5. b3 g6 6. Bb2 Bg7 7. Nd2 O-O 8. e4 d6 9. Bd3 Nbd7 10. Ngf3 Re8 11. Qc2 Qc7 12. O-O Nf8 13. Rfe1 e5 14. Kh1 h5 15. h3 Bd7 16. Ng5 N8h7 17. Nxh7 Nxh7 18. Nf3 Qc8 19. Bf1 Bh6 20. Bc1 Bxc1 21. Raxc1 a5 22. Kh2 f6 23. Qd2 Kg7 24. Ng1 Re7 25. Be2 Qe8 26. Qd1 Qf7 27. Rf1 Rae8 28. Bd3 1/2-1/2

[Event "CAN-op"]
[Site "Edmonton CAN"]
[Date "2000.07.11"]
[Round "5"]
[White "Soerensen, Lyndon"]
[Black "Marks, Terry"]
[Result "1-0"]
[WhiteElo "1742"]
[BlackElo "1593"]
[PlyCount "73"]
[GameId "2160767911686496"]
[EventDate "2000.07.08"]
[EventType "swiss"]
[EventRounds "10"]
[EventCountry "CAN"]

1. d4 Nf6 2. Nc3 d5 3. Bg5 c6 4. Bxf6 gxf6 5. e3 Bf5 6. Bd3 Qc8 7. Qd2 e5 8. e4 Be6 9. exd5 cxd5 10. dxe5 fxe5 11. Bb5+ Nc6 12. Nxd5 Bg7 13. Rd1 Kf8 14. Bxc6 bxc6 15. Ne3 Ke7 16. Qd6+ Kf6 17. Nf3 Kg6 18. Nxe5+ Bxe5 19. Qxe5 Rd8 20. Qg3+ Kf6 21. Qh4+ Kg7 22. O-O c5 23. Qg5+ Kh8 24. Rxd8+ Qxd8 25. Qxd8+ Rxd8 26. Rd1 Rd4 27. Rxd4 cxd4 28. Nf1 Bxa2 29. Nd2 Bd5 30. f3 f5 31. Kf2 Kg7 32. Kg3 Kf6 33. Kf4 h5 34. g4 h4 35. gxf5 h3 36. Ne4+ Ke7 37. Ke5 1-0

[Event "CAN-op"]
[Site "Edmonton CAN"]
[Date "2000.07.11"]
[Round "5"]
[White "Steinke, Wally"]
[Black "Marghetis, Aris"]
[Result "0-1"]
[WhiteElo "1731"]
[BlackElo "2009"]
[PlyCount "92"]
[GameId "2160767911686498"]
[EventDate "2000.07.08"]
[EventType "swiss"]
[EventRounds "10"]
[EventCountry "CAN"]

1. d4 Nf6 2. c4 g6 3. Nc3 Bg7 4. e4 d6 5. Be2 O-O 6. Bg5 h6 7. Be3 e5 8. d5 Qe7 9. Qd2 Kh7 10. h3 a6 11. g4 Bd7 12. Nf3 Rh8 13. a4 a5 14. Qc2 Na6 15. Na2 Nc5 16. Bxc5 dxc5 17. Nc3 h5 18. g5 Ne8 19. Nb5 c6 20. Nc3 Nd6 21. dxc6 bxc6 22. h4 Be6 23. Nd2 Rhb8 24. b3 Rb6 25. Qd1 Rh8 26. Nf3 Rhb8 27. Nd2 f5 28. Bxh5 gxh5 29. Qxh5+ Kg8 30. g6 fxe4 31. Qh7+ Kf8 32. h5 Bg8 33. h6 Bxh7 34. hxg7+ Qxg7 35. gxh7 Ke7 36. O-O-O Rh8 37. Rdg1 Qf6 38. Rg8 Rb8 39. Rhg1 Rf8 40. R1g7+ Nf7 41. Ncxe4 Qh6 42. Ng5 Rfxg8 43. Rxf7+ Ke8 44. Rc7 Qxg5 45. Rc8+ Kd7 46. hxg8=Q Rxg8 0-1

[Event "CAN-op"]
[Site "Edmonton CAN"]
[Date "2000.07.11"]
[Round "5"]
[White "Stringer, Lynn"]
[Black "Sexsmith, Kyle"]
[Result "0-1"]
[WhiteElo "1656"]
[BlackElo "1566"]
[PlyCount "74"]
[GameId "2160767911686499"]
[EventDate "2000.07.08"]
[EventType "swiss"]
[EventRounds "10"]
[EventCountry "CAN"]

1. d4 Nf6 2. Nf3 d5 3. Bf4 e6 4. e3 c5 5. c3 c4 6. Be2 g6 7. O-O Bg7 8. Ne5 O-O 9. Nd2 b6 10. b3 cxb3 11. axb3 Nh5 12. Bxh5 gxh5 13. Qxh5 Nd7 14. Qg4 Nxe5 15. Bxe5 f6 16. Bf4 e5 17. Qg3 exf4 18. Qxf4 a5 19. Rfe1 Be6 20. e4 Rc8 21. Rac1 Re8 22. Nf3 dxe4 23. Nd2 f5 24. Re3 Qc7 25. Qh4 Qe7 26. Qf4 Qa3 27. Rb1 Qa2 28. Rg3 Kh8 29. Rh3 Rc6 30. Qe3 Rec8 31. c4 f4 32. Rxh7+ Kxh7 33. Qxe4+ Kg8 34. Qxf4 Re8 35. d5 Bxd5 36. cxd5 Qxb1+ 37. Nf1 Rc1 0-1

[Event "CAN-op"]
[Site "Edmonton CAN"]
[Date "2000.07.11"]
[Round "5"]
[White "Strub, Michael"]
[Black "Cable, Lindi"]
[Result "1-0"]
[WhiteElo "1579"]
[BlackElo "1312"]
[PlyCount "111"]
[GameId "2160767911686500"]
[EventDate "2000.07.08"]
[EventType "swiss"]
[EventRounds "10"]
[EventCountry "CAN"]

1. d4 Nf6 2. c4 g6 3. Nc3 Bg7 4. e4 O-O 5. e5 Ne8 6. Bg5 h6 7. Be3 d6 8. f4 dxe5 9. fxe5 Nd7 10. Qd2 h5 11. Bh6 Nb6 12. Nf3 Nd7 13. Bd3 b6 14. Be4 Rb8 15. O-O-O Ba6 16. h3 Bxc4 17. g4 e6 18. gxh5 Kh7 19. hxg6+ fxg6 20. Bxg7 Nxg7 21. Ng5+ Kg8 22. Bxg6 c5 23. Nh7 Rf3 24. dxc5 bxc5 25. Qxd7 Qb6 26. Nf6+ Kh8 27. Na4 Qa5 28. Nh5 Rg8 29. Qd2 Qxd2+ 30. Rxd2 Bxa2 31. Nxg7 Rxg7 32. Rd8+ Rg8 33. Rxg8+ Kxg8 34. Nxc5 Bd5 35. Rh2 Rf8 36. Nd7 Rc8+ 37. Kd2 Bb3 38. Nf6+ Kg7 39. Bd3 Rd8 40. Kc3 Ba4 41. b4 Rc8+ 42. Kb2 Rb8 43. Ka3 Bc6 44. h4 Rd8 45. Be4 Bb5 46. h5 Kh6 47. Rg2 Be8 48. Nxe8 Rxe8 49. Bf3 Rb8 50. Rg6+ Kh7 51. Rxe6 Rd8 52. Be4+ Kg7 53. h6+ Kh8 54. h7 Rf8 55. Rf6 Kg7 56. Rxf8 1-0

[Event "CAN-op"]
[Site "Edmonton CAN"]
[Date "2000.07.11"]
[Round "5"]
[White "Tessier, Olivier"]
[Black "Davies, Lucas"]
[Result "0-1"]
[WhiteElo "2001"]
[BlackElo "1810"]
[PlyCount "58"]
[GameId "2160767911686501"]
[EventDate "2000.07.08"]
[EventType "swiss"]
[EventRounds "10"]
[EventCountry "CAN"]

1. c4 e5 2. Nc3 Nc6 3. Nf3 g6 4. g3 Bg7 5. Bg2 d6 6. O-O f5 7. d3 Nf6 8. Rb1 O-O 9. b4 h6 10. b5 Ne7 11. a4 g5 12. e3 Qe8 13. Ne2 Nh5 14. Kh1 Ng6 15. Ne1 g4 16. a5 f4 17. exf4 exf4 18. f3 fxg3 19. Nxg3 Nxg3+ 20. hxg3 gxf3 21. Rxf3 Rxf3 22. Bxf3 Qe5 23. Kg2 Qf5 24. Bb2 Ne5 25. Bd5+ Kh8 26. Bxe5 Bxe5 27. Qf3 Qh3+ 28. Kf2 Bd4+ 29. Ke2 Bg4 0-1

[Event "CAN-op"]
[Site "Edmonton CAN"]
[Date "2000.07.11"]
[Round "5"]
[White "Thimm, Harald"]
[Black "Daku, Zoltan"]
[Result "1/2-1/2"]
[WhiteElo "2016"]
[BlackElo "1717"]
[PlyCount "55"]
[GameId "2160767911686502"]
[EventDate "2000.07.08"]
[EventType "swiss"]
[EventRounds "10"]
[EventCountry "CAN"]

1. d4 d5 2. c4 e6 3. Nc3 g6 4. Nf3 Bg7 5. Bf4 c5 6. Be5 Bxe5 7. Nxe5 cxd4 8. Qxd4 Nf6 9. Rd1 O-O 10. g3 Nc6 11. Nxc6 bxc6 12. Bg2 Ba6 13. b3 dxc4 14. Qe5 Nd7 15. Qd6 Qa5 16. O-O Rad8 17. Ne4 cxb3 18. axb3 Bb5 19. Ra1 Qb6 20. Nc3 Nb8 21. Qe5 a6 22. Rfd1 Rxd1+ 23. Rxd1 Rd8 24. Rd6 Qc7 25. Ne4 Rxd6 26. Nxd6 Nd7 27. Qf4 Nc5 28. Nxb5 1/2-1/2

[Event "CAN-op"]
[Site "Edmonton CAN"]
[Date "2000.07.11"]
[Round "5"]
[White "Thompson, Brent"]
[Black "Bowles, Charles"]
[Result "1/2-1/2"]
[WhiteElo "1381"]
[BlackElo "1632"]
[PlyCount "70"]
[GameId "2160767911686503"]
[EventDate "2000.07.08"]
[EventType "swiss"]
[EventRounds "10"]
[EventCountry "CAN"]

1. e4 g6 2. d4 Bg7 3. Nf3 d6 4. Bc4 c6 5. Nc3 Nf6 6. O-O b5 7. Bd3 O-O 8. Re1 b4 9. Ne2 Bb7 10. a3 bxa3 11. Rxa3 Nbd7 12. Nc3 e5 13. dxe5 dxe5 14. Be3 a5 15. Qa1 Ba6 16. Rxa5 Bxd3 17. Rxa8 Qxa8 18. Qxa8 Rxa8 19. cxd3 Ng4 20. Bc1 Ra1 21. h3 Ngf6 22. Be3 Rxe1+ 23. Nxe1 Ne8 24. Kf1 Nc7 25. Nc2 Na6 26. d4 exd4 27. Bxd4 f6 28. Ke2 Kf7 29. b4 Bf8 30. b5 cxb5 31. Nxb5 Nac5 32. Ke3 Ne6 33. Bb2 Bh6+ 34. Kd3 Nec5+ 35. Kc4 Nxe4 1/2-1/2

[Event "CAN-op"]
[Site "Edmonton CAN"]
[Date "2000.07.11"]
[Round "5"]
[White "Tsui, Alick"]
[Black "Sutton, Jack"]
[Result "1-0"]
[WhiteElo "1106"]
[BlackElo "1331"]
[PlyCount "95"]
[GameId "2160767911686504"]
[EventDate "2000.07.08"]
[EventType "swiss"]
[EventRounds "10"]
[EventCountry "CAN"]

1. e4 e5 2. Nf3 Nc6 3. Bb5 Nge7 4. O-O d6 5. h3 f6 6. Re1 a6 7. Ba4 Bd7 8. c3 b5 9. Bb3 Qc8 10. d4 Na5 11. Bc2 c6 12. Bd3 h6 13. Be3 Qb7 14. b3 Qb8 15. Nh2 Kd8 16. Nd2 Be8 17. Rb1 Bf7 18. c4 Kc7 19. f4 Qe8 20. g4 g5 21. cxb5 axb5 22. f5 d5 23. Qc2 h5 24. Kg2 Rb8 25. Ndf3 dxe4 26. Bxe4 Bd5 27. Bd2 b4 28. Qc5 Rb5 29. Qc2 Qd7 30. dxe5 Bxe4 31. Qxe4 Qd5 32. exf6 Qxe4 33. Rxe4 Nd5 34. Re8 Rb8 35. f7 Nf4+ 36. Bxf4+ gxf4 37. Ng5 Bg7 38. Ne6+ Kb6 39. Nxg7 Kb7 40. Rbe1 Rhxe8 41. Rxe8 Rxe8 42. fxe8=Q Kb6 43. Qb8+ Nb7 44. Qxf4 hxg4 45. Nxg4 Nc5 46. f6 Nd3 47. Qd4+ Nc5 48. f7 1-0

[Event "CAN-op"]
[Site "Edmonton CAN"]
[Date "2000.07.11"]
[Round "5"]
[White "Tyomkin, Dimitri"]
[Black "Novikov, Igor A"]
[Result "1/2-1/2"]
[WhiteElo "2522"]
[BlackElo "2611"]
[PlyCount "47"]
[GameId "2160767911686505"]
[EventDate "2000.07.08"]
[EventType "swiss"]
[EventRounds "10"]
[EventCountry "CAN"]
[SourceTitle "EXT 2001"]
[Source "ChessBase"]
[SourceDate "2000.11.22"]
[SourceVersion "1"]
[SourceVersionDate "2000.11.22"]
[SourceQuality "1"]

1. d4 d5 2. c4 e6 3. Nf3 Nf6 4. Nc3 c6 5. Bg5 h6 6. Bh4 dxc4 7. e4 g5 8. Bg3 b5 9. Be2 Bb7 10. h4 g4 11. Ne5 h5 12. O-O Nbd7 13. Qc2 Nxe5 14. Bxe5 Bg7 15. Rad1 O-O 16. f3 Nh7 17. Bxg7 Kxg7 18. fxg4 Qxh4 19. gxh5 Ng5 20. Qd2 Nh3+ 21. gxh3 Qg3+ 22. Kh1 Qxh3+ 23. Kg1 Qg3+ 24. Kh1 1/2-1/2

[Event "CAN-op"]
[Site "Edmonton CAN"]
[Date "2000.07.11"]
[Round "5"]
[White "Veszely, Frank"]
[Black "Xu, Sheng Jun"]
[Result "1/2-1/2"]
[WhiteElo "1936"]
[BlackElo "2100"]
[PlyCount "81"]
[GameId "2160767911686506"]
[EventDate "2000.07.08"]
[EventType "swiss"]
[EventRounds "10"]
[EventCountry "CAN"]

1. g3 Nf6 2. Bg2 g6 3. f4 d5 4. Nf3 Bg7 5. d4 Bf5 6. O-O O-O 7. e3 Nbd7 8. Ne5 Be4 9. Bh3 Nb6 10. Nd2 Ne8 11. Nxe4 dxe4 12. a4 a5 13. b3 f5 14. c4 Nd7 15. Nxd7 Qxd7 16. Ba3 Nf6 17. Qc2 Rfd8 18. Rfd1 e6 19. Rac1 c6 20. Bc5 Qc7 21. Ba3 b6 22. Bf1 c5 23. dxc5 bxc5 24. Rxd8+ Rxd8 25. Rd1 Rxd1 26. Qxd1 Kf7 27. Be2 h5 28. h3 Bf8 29. Bb2 Bd6 30. Qd2 Qb6 31. Bd1 Bc7 32. Bc3 Ke7 33. Qb2 Nd7 34. Qd2 Qd6 35. Qxd6+ Kxd6 36. g4 hxg4 37. hxg4 e5 38. gxf5 gxf5 39. Bd2 exf4 40. exf4 Nb8 41. Kf2 1/2-1/2

[Event "CAN-op"]
[Site "Edmonton CAN"]
[Date "2000.07.11"]
[Round "5"]
[White "Ward, Hilton"]
[Black "Alderton, Peter"]
[Result "1-0"]
[WhiteElo "1369"]
[BlackElo "1585"]
[PlyCount "73"]
[GameId "2160767911686507"]
[EventDate "2000.07.08"]
[EventType "swiss"]
[EventRounds "10"]
[EventCountry "CAN"]

1. e4 c5 2. Nf3 d6 3. d4 cxd4 4. Nxd4 Nf6 5. Nc3 g6 6. Bc4 Bg7 7. Bb3 Bd7 8. Be3 O-O 9. Qd2 Ng4 10. O-O Nxe3 11. Qxe3 Nc6 12. Nde2 Rc8 13. h3 Qa5 14. f4 b5 15. Rf3 b4 16. Na4 Nd8 17. f5 Bxa4 18. fxg6 Bxb3 19. gxh7+ Kxh7 20. Qxb3 Qc5+ 21. Kh1 Qxc2 22. Qe3 Bh6 23. Qf2 Qxe4 24. Ng3 Qg6 25. Rf1 Rc2 26. Qxa7 Bg5 27. a4 bxa3 28. bxa3 Bh4 29. Qe3 Nc6 30. a4 Ne5 31. Rf5 f6 32. Rh5+ Kg7 33. Rxh4 Kf7 34. a5 Nc4 35. Qf4 Rg8 36. Kh2 Ra2 37. Qxc4+ 1-0

[Event "CAN-op"]
[Site "Edmonton CAN"]
[Date "2000.07.11"]
[Round "5"]
[White "Watson, Michael"]
[Black "Deane, Lloyd"]
[Result "0-1"]
[WhiteElo "1241"]
[BlackElo "1582"]
[PlyCount "70"]
[GameId "2160767911686508"]
[EventDate "2000.07.08"]
[EventType "swiss"]
[EventRounds "10"]
[EventCountry "CAN"]

1. e4 Nf6 2. e5 Nd5 3. d4 d6 4. c4 Nb6 5. exd6 exd6 6. Nc3 Be7 7. Nf3 O-O 8. Bd3 Bg4 9. Be3 Nc6 10. a3 Bf6 11. d5 Ne5 12. Qc2 Nbxc4 13. Nxe5 Nxe3 14. fxe3 Bxe5 15. Kd2 h6 16. h3 Bd7 17. g4 c6 18. Be4 Rc8 19. Rag1 cxd5 20. Bxd5 Bc6 21. Bxc6 Rxc6 22. h4 d5 23. Kc1 Bxc3 24. bxc3 Qa5 25. Kb2 Rfc8 26. Rc1 Qb6+ 27. Ka2 Qxe3 28. Kb2 d4 29. c4 d3 30. Qc3 Qe2+ 31. Ka1 Rxc4 32. Qxc4 Rxc4 33. Rxc4 d2 34. Rc8+ Kh7 35. Rd8 Qf3 0-1

[Event "CAN-op"]
[Site "Edmonton CAN"]
[Date "2000.07.11"]
[Round "5"]
[White "Weis, Rod"]
[Black "Lauritson, Jim"]
[Result "1/2-1/2"]
[WhiteElo "1858"]
[BlackElo "2057"]
[PlyCount "51"]
[GameId "2160767911686509"]
[EventDate "2000.07.08"]
[EventType "swiss"]
[EventRounds "10"]
[EventCountry "CAN"]

1. e4 c5 2. Nf3 e6 3. d4 cxd4 4. Nxd4 a6 5. Be3 Qc7 6. Nd2 Nc6 7. c3 Nf6 8. f3 b6 9. Be2 Bd6 10. g3 Bb7 11. Nc4 Bc5 12. Nxc6 Bxc6 13. Bxc5 bxc5 14. Qd6 Qxd6 15. Nxd6+ Ke7 16. e5 Nd5 17. Nc4 Rhb8 18. O-O-O a5 19. Rd2 a4 20. a3 f6 21. exf6+ gxf6 22. Re1 Nc7 23. Nd6 Nb5 24. Bxb5 Bxb5 25. Ne4 Rc8 26. Nd6 1/2-1/2

[Event "CAN-op"]
[Site "Edmonton CAN"]
[Date "2000.07.11"]
[Round "5"]
[White "Wells, Peter K"]
[Black "Schulte, Oliver"]
[Result "1/2-1/2"]
[WhiteElo "2506"]
[BlackElo "2392"]
[PlyCount "44"]
[GameId "2160767911686510"]
[EventDate "2000.07.08"]
[EventType "swiss"]
[EventRounds "10"]
[EventCountry "CAN"]
[SourceTitle "CBM 078"]
[Source "ChessBase"]
[SourceDate "2000.10.18"]
[SourceVersion "1"]
[SourceVersionDate "2000.10.18"]
[SourceQuality "1"]

1. Nf3 Nf6 2. c4 c5 3. Nc3 Nc6 4. g3 d5 5. d4 e6 6. cxd5 exd5 7. Bg2 Be7 8. O-O cxd4 9. Nxd4 O-O 10. b3 Bg4 11. h3 Be6 12. Bb2 Qd7 13. Kh2 Nxd4 14. Qxd4 b6 15. Rad1 Rac8 16. e3 Rfd8 17. Ne2 Rc2 18. Rd2 Bc5 19. Qxf6 gxf6 20. Rxc2 Qe7 21. Rd1 Bf5 22. Rcd2 Be4 1/2-1/2

[Event "CAN-op"]
[Site "Edmonton CAN"]
[Date "2000.07.11"]
[Round "5"]
[White "Winberg, Jim"]
[Black "Li, Zhuoran"]
[Result "1/2-1/2"]
[WhiteElo "1750"]
[BlackElo "1473"]
[PlyCount "174"]
[GameId "2160767911686511"]
[EventDate "2000.07.08"]
[EventType "swiss"]
[EventRounds "10"]
[EventCountry "CAN"]

1. e4 e5 2. Nc3 Nf6 3. f4 d6 4. fxe5 dxe5 5. Nf3 Bg4 6. Bc4 Nc6 7. d3 Bc5 8. Bg5 h6 9. Bh4 Nd4 10. Bxf7+ Kf8 11. Bc4 Nxf3+ 12. gxf3 Bh3 13. Qe2 g5 14. Bg3 Qe7 15. O-O-O c6 16. Kb1 Nh5 17. Bb3 Nf4 18. Bxf4 gxf4 19. Rde1 Rg8 20. Bxg8 Kxg8 21. Nd1 Qh4 22. c3 Kh8 23. d4 exd4 24. Qf2 Qxf2 25. Nxf2 Bg2 26. Rhg1 Rg8 27. Ng4 Bxf3 28. Nxh6 Rxg1 29. Rxg1 Bxe4+ 30. Kc1 Bd5 31. cxd4 Bxd4 32. Rf1 f3 33. Ng4 Kg7 34. b3 Kg6 35. Kd2 c5 36. Kd3 b5 37. Ne3 Bc6 38. Nc2 Be5 39. Ne1 Bxh2 40. Nxf3 Bc7 41. Rg1+ Kf6 42. Rf1 Ke6 43. Ng5+ Kd7 44. Rf7+ Kc8 45. Ne6 Bb6 46. Rg7 Bd7 47. Rg8+ Kb7 48. Rg7 Kc6 49. Rg6 Kd5 50. Nf4+ Ke5 51. Ke3 c4+ 52. Kf3 Bf5 53. Rg5 cxb3 54. axb3 b4 55. Nd5 Bc5 56. Ne3 Bxe3 57. Kxe3 a5 58. Kd2 Ke4 59. Kc1 Be6 60. Kb2 Bd5 61. Rg7 Kd4 62. Ra7 Kc5 63. Rxa5+ Kc6 64. Ra7 Kb6 65. Rg7 Kb5 66. Rg3 Be4 67. Kc1 Kc5 68. Kd2 Kd5 69. Rg5+ Kc6 70. Rg4 Kd5 71. Ke3 Bf5 72. Rxb4 Kc5 73. Rb8 Bd7 74. Kd3 Bb5+ 75. Kc3 Ba6 76. b4+ Kc6 77. Rh8 Kb6 78. Rh5 Kc6 79. Kb3 Be2 80. Rc5+ Kb6 81. Kc3 Bf3 82. Kd4 Bg2 83. Rg5 Bf1 84. Kc3 Be2 85. Rd5 Bf3 86. Ra5 Be2 87. Kd4 Bf3 1/2-1/2

[Event "CAN-op"]
[Site "Edmonton CAN"]
[Date "2000.07.11"]
[Round "5"]
[White "Xia, Yanchong"]
[Black "Langlois, Paul"]
[Result "1-0"]
[WhiteElo "1731"]
[BlackElo "1537"]
[PlyCount "99"]
[GameId "2160767911686512"]
[EventDate "2000.07.08"]
[EventType "swiss"]
[EventRounds "10"]
[EventCountry "CAN"]

1. e4 e5 2. Nf3 Nc6 3. Bc4 Bc5 4. O-O d6 5. h3 Bd7 6. d3 h6 7. Nc3 Nf6 8. a3 a6 9. Ne2 b5 10. Ba2 Qe7 11. Ng3 g6 12. Qe2 Be6 13. Bxe6 Qxe6 14. Be3 Nd7 15. Qd2 Bxe3 16. fxe3 Ne7 17. Rf2 c5 18. Raf1 O-O-O 19. Nh2 f6 20. Ra1 Nc6 21. Rff1 Kb7 22. Nf3 Rdf8 23. b4 Ra8 24. d4 exd4 25. exd4 cxd4 26. Nxd4 Nxd4 27. Qxd4 Qe5 28. Qxe5 dxe5 29. Rad1 Kc6 30. Rd5 Rac8 31. Rfd1 Rc7 32. Rd6+ Kb7 33. Rxd7 Rhc8 34. Rxc7+ Rxc7 35. Rd6 Rc6 36. Rxc6 Kxc6 37. Kf2 Kb6 38. Ke3 a5 39. Kd3 a4 40. Nf1 f5 41. Ne3 f4 42. Ng4 g5 43. Nxe5 h5 44. Nf7 g4 45. hxg4 hxg4 46. Ne5 f3 47. gxf3 g3 48. Ke2 g2 49. Kf2 g1=Q+ 50. Kxg1 1-0

[Event "CAN-op"]
[Site "Edmonton CAN"]
[Date "2000.07.11"]
[Round "5"]
[White "Yamach, Ahmet"]
[Black "Oliger, Mark"]
[Result "1/2-1/2"]
[WhiteElo "1771"]
[BlackElo "1891"]
[PlyCount "120"]
[GameId "2160767911686513"]
[EventDate "2000.07.08"]
[EventType "swiss"]
[EventRounds "10"]
[EventCountry "CAN"]

1. d4 d5 2. c4 e6 3. e3 Nf6 4. Nf3 Be7 5. Nc3 O-O 6. Bd3 c5 7. dxc5 dxc4 8. Bxc4 Qxd1+ 9. Nxd1 Bxc5 10. O-O Bd7 11. Ne5 Bc8 12. Nc3 Nbd7 13. Nd3 Be7 14. e4 e5 15. Bg5 h6 16. Bh4 Re8 17. Bxf6 Bxf6 18. Nd5 Bd8 19. Rfd1 Nb6 20. Bb3 Nxd5 21. Bxd5 Bd7 22. Bxb7 Rb8 23. Bd5 Kf8 24. b3 Bb6 25. Rac1 Re7 26. Kf1 Bb5 27. a4 Bxd3+ 28. Rxd3 Rc7 29. Bc4 Bd4 30. Rc2 f6 31. Rd1 a5 32. Rdc1 Rbc8 33. Bd3 Rxc2 34. Rxc2 Rxc2 35. Bxc2 Kf7 36. Ke2 Bc3 37. Kd3 Bb4 38. Kc4 Ke6 39. Bd1 Kd6 40. Bg4 Be1 41. Kb5 Bb4 42. Kc4 Be1 43. Bf5 Kc6 44. f3 Bb4 45. Kd3 Kd6 46. Ke3 Bc5+ 47. Ke2 Bb4 48. g3 g5 49. h4 gxh4 50. gxh4 Bc5 51. Bg6 Bg1 52. Kd3 Kc5 53. Bf7 Kb4 54. Ke2 Bh2 55. Kf2 Bf4 56. Kg2 Kc3 57. Kh3 Kb4 58. Kg4 Kc3 59. Kf5 Kb4 60. Kxf6 Kc3 1/2-1/2

[Event "CAN-op"]
[Site "Edmonton CAN"]
[Date "2000.07.12"]
[Round "6"]
[White "Alipour, Iraj"]
[Black "Climenhaga, Harold"]
[Result "1-0"]
[WhiteElo "1579"]
[BlackElo "1938"]
[PlyCount "55"]
[GameId "2160767911686514"]
[EventDate "2000.07.08"]
[EventType "swiss"]
[EventRounds "10"]
[EventCountry "CAN"]

1. g3 d5 2. Bg2 c6 3. b3 Bf5 4. Bb2 Nd7 5. e3 Ngf6 6. Ne2 e5 7. d3 Be7 8. O-O O-O 9. Nd2 Bg6 10. a4 a5 11. Nf3 e4 12. Nh4 exd3 13. cxd3 Qb6 14. Nxg6 hxg6 15. Rb1 Nc5 16. h3 Ne6 17. Qc2 Nd7 18. e4 dxe4 19. dxe4 Bf6 20. Rfd1 Ne5 21. Nc1 Ng5 22. Bxe5 Bxe5 23. Nd3 Bxg3 24. Nc5 Qc7 25. fxg3 Qxg3 26. Kf1 Nxh3 27. Rd3 Qf4+ 28. Rf3 1-0

[Event "CAN-op"]
[Site "Edmonton CAN"]
[Date "2000.07.12"]
[Round "6"]
[White "Anderson, Ashton"]
[Black "Van Weeren, Henry"]
[Result "1-0"]
[WhiteElo "1764"]
[BlackElo "1572"]
[PlyCount "33"]
[GameId "2160767911686515"]
[EventDate "2000.07.08"]
[EventType "swiss"]
[EventRounds "10"]
[EventCountry "CAN"]

1. e4 e5 2. Nf3 Nc6 3. Bc4 h6 4. d4 d6 5. dxe5 dxe5 6. Qxd8+ Nxd8 7. Nxe5 Nf6 8. f3 Bd6 9. Nd3 Nd7 10. Bf4 Bxf4 11. Nxf4 c6 12. Nd2 Nc5 13. Nb3 Nde6 14. Nxe6 Bxe6 15. Nxc5 Bxc4 16. Nxb7 Ke7 17. Na5 1-0

[Event "CAN-op"]
[Site "Edmonton CAN"]
[Date "2000.07.12"]
[Round "6"]
[White "Arseneau, Peter"]
[Black "Sadov, Sergey"]
[Result "0-1"]
[WhiteElo "1896"]
[BlackElo "2119"]
[PlyCount "88"]
[GameId "2160767911686516"]
[EventDate "2000.07.08"]
[EventType "swiss"]
[EventRounds "10"]
[EventCountry "CAN"]

1. e4 e5 2. Nf3 Nc6 3. Bb5 a6 4. Ba4 Nf6 5. O-O Be7 6. Re1 b5 7. Bb3 d6 8. c3 O-O 9. h3 Na5 10. Bc2 c5 11. d4 Qc7 12. Nbd2 cxd4 13. cxd4 Bb7 14. Re3 Rac8 15. Rc3 Qb8 16. d5 Rxc3 17. bxc3 Rc8 18. Nf1 Bd8 19. Ne3 Qc7 20. Qe1 g6 21. Ba3 Qd7 22. Rd1 Nh5 23. Ng4 Nc4 24. Bc1 f6 25. Nfh2 Qe8 26. g3 Bb6 27. Qe2 Kh8 28. Qf3 Qe7 29. Kg2 Rf8 30. Ne3 Nxe3+ 31. Bxe3 Ba5 32. Bd2 Bc8 33. Be1 Ng7 34. g4 f5 35. gxf5 gxf5 36. exf5 Bxf5 37. Be4 Qh4 38. Ng4 Bxe4 39. Qxe4 Rf4 40. Qe2 Qg5 41. Kh2 Bb6 42. Bd2 h5 43. Rg1 hxg4 44. Rxg4 Qxg4 0-1